Roma: edificación en altura. El negocio urbanístico inmobiliario de la superficie en el derecho clásico.
Shranjeno v:
| Glavni avtor: | |
|---|---|
| Format: | Knjiga |
| Jezik: | angleščina |
| Izdano: |
Valencia, España:
Tirant lo Blanch,
2015.
|
| Serija: | Tirant monografías,
954. |
| Teme: | |
| Oznake: |
Označite
Brez oznak, prvi označite!
|
MARC
| LEADER | 00000nam a22000007a 4500 | ||
|---|---|---|---|
| 003 | CL-VaPUC | ||
| 005 | 20220822114432.0 | ||
| 008 | 220315t2015 ||||| |||| 00| 0 eng d | ||
| 999 | |c 434830 |d 434828 | ||
| 020 | |a 978-84-9053-940-8 | ||
| 040 | |c Pontificia Universidad Católica de Valparaíso | ||
| 082 | 7 | |a 340.54 SUA 2015 |2 22 | |
| 100 | |a Suárez Blázquez, Guillermo |9 867177 |e autor | ||
| 245 | |a Roma: edificación en altura. |b El negocio urbanístico inmobiliario de la superficie en el derecho clásico. | ||
| 260 | |a Valencia, España: |b Tirant lo Blanch, |c 2015. | ||
| 300 | |a 186 páginas. | ||
| 490 | |a Tirant monografías, |v 954. | ||
| 500 | |a c.1 Donación Familia Prof. Alejandro Guzmán Brito. | ||
| 583 | |c 20220315 |k Yessy Stephany Diaz Vidal | ||
| 650 | |a Urbanismo |x Derecho romano |z Roma |x Historia |9 869393 | ||
| 650 | |a Negocios |x Derecho romano |9 869394 | ||
| 942 | |2 ddc |c BK |n 0 | ||
| 952 | |0 0 |1 0 |2 ddc |4 0 |6 340_540000000000000_SUA_2015 |7 1 |8 C_AGB |9 581842 |a BIBDER |b BIBDER |d 2022-03-15 |e Donación |i 5650091 |o 340.54 SUA 2015 |p 5650091 |r 2023-01-25 |t 1 |w 2022-03-15 |y BK_US |k AGB | ||